00957cam a2200253 a 4500001001000000003000600010005001700016008004100033020001800074035002100092040004400113082002000157245012100177260004300298264010400341300003000445336002700475337002900502338002800531650003400559700005400593700002500647700003100672298779203OCoLC20231205100002.0090120r20022015sa d 000 0 xho d a9781920234324 a(OCoLC)298779203 aK3NbengcK3NdK3NdOCLCFdOCLCQdOCLCO aR 496.3985 DICT10aIsiChazi-magama SesiXhosa /cIsiXhosa National Lexicography Unit, [edited by] S.L. Tshabe, Z. Guzana, A.B.B. Nokele. bSouth Africa Heritage Publisher,c2014 1aPietermaritzburg [South Africa] :bSouth African National Lexocography Units,c2015 (2022 printing) axiii, 529 pages ;c24 cm. atextbtxt2rdacontent. aunmediatedbn2rdamedia. avolumebnc2rdacarrier. 0aXhosa languagevDictionaries.1 aTshabe, S. L.q(Sonwabo Lungile),d1951-eeditor.1 aGuzana, Z.,eeditor.1 aNokele, A. B. B.,eeditor.